MARC

LEADER 00000nam0a2200000 4500
001 320619
005 20231102003310.0
035 |a (RuTPU)RU\TPU\book\346150 
090 |a 320619 
100 |a 20160712d1940 km y0rusy50 ca 
101 0 |a rus 
102 |a RU 
105 |a a z 100zy 
200 1 |a Материалы Всесоюзного совещания теплотехников фарфоро-фаянсовой промышленности, Москва, 18-21 января 1939 г.   |f Всесоюзное научное инженерно-техническое общество силикатной промышленности ; под ред. Д. С. Эткина, Л. М. Бамдас 
210 |a Москва  |a Ленинград  |c Государственное издательство строительной литературы  |d 1940 
215 |a 131 с.  |c ил. 
606 1 |a Фарфоро-фаянсовое производство  |2 stltpush  |3 (RuTPU)RU\TPU\subj\34825  |9 56680 
610 1 |a теплотехника 
610 1 |a теплотехнические процессы 
610 1 |a фарфоровое производство 
610 1 |a фаянсовые изделия 
610 1 |a совещания 
610 1 |a периодические печи 
610 1 |a печи непрерывного действия 
675 |a 666.5/.6  |v 4 
702 1 |a Эткин  |b Д. С.  |4 340 
702 1 |a Бамдас  |b Л. М.  |4 340 
712 0 2 |a Всесоюзное научное инженерно-техническое общество силикатной промышленности  |2 stltpush  |3 (RuTPU)RU\TPU\col\12692  |9 25506 
712 1 2 |a Материалы Всесоюзного совещания теплотехников фарфоро-фаянсовой промышленности  |e Москва  |f 1939  |4 570 
801 1 |a RU  |b 63413507  |c 20160712 
801 2 |a RU  |b 63413507  |c 20200616  |g RCR 
942 |c BK